Moby Dick (Registro nro. 8034)

Detalles MARC
000 -Cabecera
Campo de control de longitud fija 00513aam a2200217 4500
005 - Fecha y hora de la última transacción
Campo de control 20240809114857.0
008 - Elementos de longitud fija--Información general
Campo de control de longitud fija 150513b xxu||||| |||| 00| 0 spa d
020 ## - International Standard Book Number
Número Internacional Estándar del Libro (ISBN) 9788496867659
041 ## - Idioma
Código de idioma Español
082 ## - Clasificación Decimal Dewey
Número de clasificación 813.36 M526mb
100 ## - Entrada principal--Autor personal
Nombre personal Melville, Herman
9 (RLIN) 7779
245 ## - Título propiamente dicho
Título Moby Dick
260 ## - Pie de imprenta
Lugar de publicación, distribución, etc. Italia
260 ## - Pie de imprenta
Nombre del editor, distribuidor, etc. Sexto Piso
260 ## - Pie de imprenta
Fecha de publicación, distribución, etc. 2010
300 ## - Descripción física
Extensión 112 páginas
650 ## - Materia general
Temática (materia general) NOVELA ESTADOUNIDENSE
650 ## - Materia general
Temática (materia general) LITERATURA ESTADOUNIDENSE
650 ## - Materia general
Temática (materia general) HISTORIETA
942 ## - Punto de acceso adicional KOHA
Tipo de ítem KOHA Literatura
Fuente del sistema de clasificación o colocación Dewey Decimal Classification
Existencias
Signatura completa Código de barras Tipo de ítem
813.36 M526mb 21012 Literatura